Statistics for Important Events in Australian History

Click here to take the quiz!

General Stats

  • This quiz has been taken 221 times
    (220 since last reset)
  • The average score is 9 of 14

Answer Stats

YearHintAnswer% Correct
1901When all of the colonies came together to form one nation.Federation
85%
c. 1909-1969Many indigenous children are unfairly taken away from their families to be brought up with white families.Stolen Generation
82%
1778When 11 ships came to Australia from Britain, eventually establishing the colony of New South Wales.First Fleet
81%
1854The revolt of miners against the authorities from the town of Ballarat in Victoria.Eureka Stockade
78%
1829This WA city, on the Swan River, is founded.Perth
73%
199635 people killed and 23 injured in a massacre at this popular historic tourist attraction.Port Arthur
70%
1973This monumental building, designed by Jorn Utzon, was formally opened.Sydney Opera House
68%
2009Bushfires that killed 173 people in Victoria.Black Saturday
67%
2008This Prime Minister apologises to the Aboriginal people for the wrongdoings during the answer to Q5.Kevin Rudd
66%
1974Natural disaster that devastated Darwin.Cyclone Tracy
63%
1942First major attack by a foreign power on Australian soil.Darwin Bombing
59%
1989A 5.6 earthquake hits this NSW city, killing 13 people.Newcastle
58%
1977-1979This cricket tournament spearheaded by Kerry Packer revolutionises the sport.World Series Cricket
39%
1993Paul Keating's speech in this suburb of Sydney marks a significant moment in Aboriginal history.Redfern
36%

Score Distribution

Percentile by Number Answered

Percent of People with Each Score

Your Score History

You have not taken this quiz since the last reset